LEADER 01820cam0-2200589---450- 001 990000000890203316 005 20160125162327.0 010 $a88-14.07352-X 035 $a0000089 035 $aUSA010000089 035 $a(ALEPH)000000089USA01 035 $a0000089 100 $a20160125d1999----km-y0itay50------ba 101 0 $aita 105 $a||||||||001yy 200 1 $aEuro e bilancio d'esercizio$fFlavio Dezzani, Piero Pisoni, Luigi Puddu 210 $aMilano$cGiuffrè$d1999 215 $aXII, 650 p.$d24 cm. 225 $aManuali di formazione e di consultazione professionale 410 0$12001 454 1$12001 461 1$1001-------$12001 606 0 $aBilancio 606 0 $aMoneta$xUnificazione$yPaesi della Comunità europea$2BNCF 676 $a657.3 700 1$aDEZZANI,$bFlavio$0106080 701 1$aPISONI,$bPiero$0106644 701 1$aPUDDU,$bLuigi$0437604 801 0$aIT$bsalbc$gISBD 912 $a990000000890203316 951 $a657.3 DEZ 1 (IRA 25 348)$b21025 G.$cIRA 25$d00011344 959 $aBK 969 $aECO 979 $c20000914$lUSA01$h1702 979 $c20000919$lUSA01$h1045 979 $c20000919$lUSA01$h1519 979 $c20001019$lUSA01$h1052 979 $c20001019$lUSA01$h1450 979 $c20001019$lUSA01$h1457 979 $c20001019$lUSA01$h1535 979 $c20001024$lUSA01$h1511 979 $c20001027$lUSA01$h1516 979 $c20001027$lUSA01$h1519 979 $c20001110$lUSA01$h1707 979 $c20001124$lUSA01$h1204 979 $c20020403$lUSA01$h1608 979 $aPATRY$b90$c20040406$lUSA01$h1602 979 $aRSIAV3$b90$c20090202$lUSA01$h1601 979 $aPATRY$b90$c20160125$lUSA01$h1614 979 $aPATRY$b90$c20160125$lUSA01$h1623 996 $aEuro e bilancio d'esercizio$966674 997 $aUNISA LEADER 01662cam0 2200349 450 001 E600200046795 005 20220112165726.0 100 $a20090311d1973 |||||ita|0103 ba 101 $aita 102 $aIT 200 1 $aManuale di storia della filosofia e della pedagogia$ead uso degli studi magistrali e degli istituti tecnici femminili. Vol. I$eAntichità e medioevo. Vol. II$eIl pensiero moderno dal Rinascimento a Kant. Vol. III$eIl pensiero contemporaneo$fCarmelo Ottaviano 205 $a2 ed. riveduta e accresciuta 210 $aNapoli$cLa Nuova Cultura$d1973 215 $a3 v.$d24 cm 700 1$aOttaviano$b, Carmelo$3AF00005981$4070$0159469 801 0$aIT$bUNISOB$c20220112$gRICA 850 $aUNISOB 852 $aUNISOB$j100$m22139 852 $aUNISOB$j100$m22140 852 $aUNISOB$j100$m22141 852 $aUNISOB$j100$m29683 852 $aUNISOB$j100$m23944 912 $aE600200046795 940 $aM 102 Monografia moderna SBN 941 $aM 957 $a100$b001492$i-1$gSi$d22139$racquisto$1vasca$2UNISOB$3UNISOB$420090311113525.0$520220112165513.0$6bethb 957 $a100$b001492$i-2$gSI$d22140$racquisto$1bethb$2UNISOB$3UNISOB$420220112165515.0$520220112165535.0$6bethb 957 $a100$b001492$i-3$gSI$d22141$racquisto$1bethb$2UNISOB$3UNISOB$420220112165537.0$520220112165557.0$6bethb 957 $a100$b001492$i-3 b$gSI$d29683$racquisto$1bethb$2UNISOB$3UNISOB$420220112165600.0$520220112165630.0$6bethb 957 $a100$b001492$i-3 c$gSI$d23944$racquisto$1bethb$2UNISOB$3UNISOB$420220112165634.0$520220112165703.0$6bethb 996 $aManuale di storia della filosofia e della pedagogia$9477258 997 $aUNISOB